[Event "Cochabamba Hurtado Memorial"]
[Site "Cochabamba"]
[Date "2023.08.05"]
[Round "4"]
[White "Rojas Valdivia, Gustavo"]
[Black "Cueto Chajtur, Johny"]
[Result "0-1"]
[WhiteElo "1750"]
[BlackElo "2114"]
[PlyCount "80"]
[EventDate "2023.08.04"]
[EventType "swiss"]
[EventRounds "7"]
[EventCountry "BOL"]
[SourceTitle "CBM 215 Extra"]
[Source "ChessBase"]
[SourceDate "2023.09.30"]
[SourceVersion "1"]
[SourceVersionDate "2023.09.30"]
[SourceQuality "1"]

1. d4 g6 2. c4 Bg7 3. Nc3 d6 4. e4 Nc6 5. Be3 e5 6. d5 Nd4 7. Bd3 c5 8. dxc6 bxc6 9. Nge2 Ne7 10. 0-0 0-0 11. Qd2 f5 12. Bh6 Nxe2+ 13. Bxe2 Bxh6 14. Qxh6 fxe4 15. g4 Rf4 16. h3 Be6 17. Rad1 Qc7 18. Rd2 d5 19. Bd1 Raf8 20. Ne2 R4f7 21. Ng3 Qb6 22. Qg5 Qc7 23. Qe3 Rf4 24. Qc5 e3 25. fxe3 Rxc4 26. Rxf8+ Kxf8 27. Rf2+ Ke8 28. Qa3 Rc1 29. Rf1 Qb6 30. Ne2 Rc4 31. Kf2 Kd7 32. Bb3 Rb4 33. Nc3 Rf4+ 34. Kg2 Qxe3 35. Qa6 Bxg4 36. Rxf4 Bxh3+ 37. Kh2 exf4 38. Qe2 Qg3+ 39. Kh1 Bg4 40. Ne4 Bf3+ 0-1